Normal view MARC view

Entry Topical Term

Number of records used in: 2

001 - CONTROL NUMBER

  • control field: 3203

003 - CONTROL NUMBER IDENTIFIER

  • control field: OSt

005 - DATE AND TIME OF LATEST TRANSACTION

  • control field: 20240828111317.0

008 - FIXED-LENGTH DATA ELEMENTS

  • fixed length control field: 240828|| aca||aabn | a|a d

040 ## - CATALOGING SOURCE

  • Original cataloging agency: OSt
  • Transcribing agency: OSt

150 ## - HEADING--TOPICAL TERM

  • Topical term or geographic name entry element: Pathologic Processes

670 ## - SOURCE DATA FOUND

  • Source citation: Work cat.: (OSt)10401: Hubert, Robert J., author. 3078, Gould's pathophysiology for the health professions. /

If you have any concerns or questions; kindly contact the library


© Powered by WIUC ICT DIRECTORATE